01309nam a22001937a 4500003000400000005001700004008004100021020001800062040001300080082001300093100002200106245012000128260004500248300003700293500071000330650002301040650002201063650003001085OSt20210209091140.0210209b ||||| |||| 00| 0 spa d a9789585407060 cCO-MqBPB aANbESPA aEspaña, Gonzalo 3aLa última correría del sabio Mutis :bUna aventura en el campo de las palabras y los idiomas/cGonzalo España aBogotá ,bPenguin Random House,c2017. a138 pg,bTapa Rústica,c21 cm. a«Es mi voluntad que en un plazo de máximo seis meses, esas gramáticas indias, que se olvidaron en el envío hecho a mi padre, me sean enviadas a mí para remitírselas al sabio Pallas. La amistad entre Rusia y España puede afectarse seriamente si no cumplimos con este encargo. Nuestro reino podría sufrir serios tropiezos». Así, con estas palabras apremiantes del rey España, inicia la última aventura del sabio José Celestino Mutis, director de la Expedición Botánica que a sus 75 años, durante un extraño mes de agosto de 1807, emprende un viaje hacia lo desconocido para tratar de encontrar algo increíble: un lugar mágico donde viven las lenguas que ya nadie habla. 2NovelazColombiana 2NovelavHistorica 2Mutis, José Célestino